| 000 | 00605nam a22001817a 4500 | ||
|---|---|---|---|
| 005 | 20231107135348.0 | ||
| 008 | 231107b |||||||| |||| 00| 0 eng d | ||
| 020 | _a9780702118999 | ||
| 041 | _aEnglish | ||
| 082 | _a346.43 DEL | ||
| 100 |
_aDelport, H _lEnglish |
||
| 245 |
_aSouth African Property Practice and the Law : _bA practical manual for property practitioners / _cH Delport |
||
| 250 | _aSecond Edition | ||
| 260 |
_aCape Town : _bJuta and Company Ltd, _c2001 |
||
| 300 |
_bxlii,1015 pages ; _c27 cm. |
||
| 650 |
_aLegal practice _bLaw |
||
| 942 |
_cBK _6ALISON_BN_VRIES |
||
| 999 |
_c385 _d385 |
||